000 00829cam a22002534a 4500
001 12456144
005 20180130053321.0
008 010629s2002 nyu b 001 0 eng
010 _a 2001049001
020 _a0826141625
040 _aDLC
_cDLC
_dDLC
041 _aeng
042 _apcc
080 _a616.8914
082 0 0 _a616.8914 WOR
_221
100 1 _a7
101 _aNEU
245 1 0 _aGrief counseling and grief therapy :
_cJ. William Worden.
504 _aBibliography: p. 203-224.
504 _aIncludes bibliographical references and index.
906 _a7
_bcbc
_corignew
_d1
_eocip
_f20
_gy-gencatlg
942 _2ddc
_cBK
999 _c41272
_d41272